| 000 | 01215nam a22002417a 4500 | ||
|---|---|---|---|
| 005 | 20120203121628.0 | ||
| 010 | _a | ||
| 020 |
_c125.00 _a8173152292 |
||
| 035 | _aA-927995 | ||
| 037 | _bDBAD / PUB | ||
| 037 | _bप्रभात प्रकाशन/ PUB | ||
| 082 | _a808.88 | ||
| 100 |
_aमिश्र, विद्यानिवास _940684 |
||
| 245 |
_aसपने कहाँ गए / _cविद्यानिवास मिश्र |
||
| 246 |
_aSapne Kahan Gaye?/ _bby Vidya Niwas Mishra |
||
| 260 |
_aनई दिल्ली _bप्रभात प्रकाशन _c1998 |
||
| 270 |
_a4/19 आसफ अली रोड _bनई दिल्ली _e110002 |
||
| 300 |
_a128पृ _c22सेमी (सजिल्द) |
||
| 650 |
_aलेख _xसंग्रह _940685 |
||
| 942 |
_2ddc _cHN _mमिश्रवि _h808.88 |
||
| 999 |
_c61888 _d61888 |
||